| 000 | 00439nam a2200169 a 4500 | ||
|---|---|---|---|
| 005 | 20140414132137.0 | ||
| 008 | 131210s19uu xx 00 eng d | ||
| 020 | _a0679886303 | ||
| 050 |
_aTR _bBer488 1970 |
||
| 100 | _aBerenstain, Stan & Jan | ||
| 245 | _aOld hat new hat. | ||
| 260 |
_aNew York : _bRandom House Bright, _cc1970. |
||
| 300 | _a20 | ||
| 440 | _aThe Berenstain Bears | ||
| 650 |
_aOpposites- _xwords |
||
| 999 |
_c115321 _d115321 |
||